Central Library OPAC University of Rajshahi

The pleasures of architecture / (Record no. 16475)

MARC details
000 -LEADER
fixed length control field 00725cam a22002532a 4500
001 - CONTROL NUMBER
control field 16475
003 - CONTROL NUMBER IDENTIFIER
rucl marc code BD-RjUL
005 - DATE AND TIME OF LATEST TRANSACTION
control field 20211209000020.0
008 - FIXED-LENGTH DATA ELEMENTS--GENERAL INFORMATION
fixed length control field 140213s1954 enka 001 0 eng d
035 ## - SYSTEM CONTROL NUMBER
System control number (BD-RjUL)16530
040 ## - CATALOGING SOURCE
Original cataloging agency OCP
Transcribing agency OCP
Modifying agency BD-RjUL
Language of cataloging eng
041 ## - LANGUAGE CODE
Language code of text/sound track or separate title eng
082 00 - DEWEY DECIMAL CLASSIFICATION NUMBER
Classification number 720
Author mark and year WIP 1954
100 1# - MAIN ENTRY--PERSONAL NAME
Personal name Williams-Ellis, Clough,
Dates associated with a name 1883-1978.
9 (RLIN) 50936
245 14 - TITLE STATEMENT
Title The pleasures of architecture /
Statement of responsibility, etc. by Clough & Amabel Williams-Ellis.
250 ## - EDITION STATEMENT
Edition statement New version.
260 ## - PUBLICATION, DISTRIBUTION, ETC. (IMPRINT)
Place of publication, distribution, etc. London :
Name of publisher, distributor, etc. Cape,
Date of publication, distribution, etc. 1954.
300 ## - PHYSICAL DESCRIPTION
Pagination 224 p. :
Illustrations ill. ;
Size 21 cm.
500 ## - GENERAL NOTE
General note Includes index.
650 #0 - SUBJECT ADDED ENTRY--TOPICAL TERM
Topical term or geographic name as entry element Architecture.
9 (RLIN) 50937
700 1# - ADDED ENTRY--PERSONAL NAME
Personal name Williams-Ellis, Amabel,
Dates associated with a name 1894-1984.
942 ## - ADDED ENTRY ELEMENTS (KOHA)
Source of classification or shelving scheme Dewey Decimal Classification
Koha item type Books
Holdings
Lost status Source of classification or shelving scheme Damaged status Not for loan Collection code Permanent Location Current Location Shelving location Date acquired Source of acquisition Cost, normal purchase price Total Checkouts Full call number Date last seen Copy number Koha item type
  Dewey Decimal Classification   Not For Loan Non-fiction Central Library, University of Rajshahi Central Library, University of Rajshahi Reading Room 09/06/1955 Allies Book Cop. 9.00   720 WIP 1954 13/02/2014 C-1 Books